Culture Générale - Série 187 - Statistiques

Statistiques générales
  • Ce quiz a été pris 276 fois
  • Le résultat moyen est 4 sur 10
Statistiques - réponses
Question Réponse % Correct
Au billard américain, quelle boule doit être empochée en dernier ? La noire
87%
Que signifie le T dans le sigle BTP ? Travaux
86%
Dans quel pays est née la comédienne Cristiana Reali ? Le Brésil
55%
En 2005, de quelle chanteuse "le petit coeur tout mou" est-il écorché ? Olivia Ruiz
52%
Quel sport a permis à Malia Metella de décrocher une médaille olympique ? La natation
41%
Quel personnage des Barbapapas, noir et poilu, est un peintre en herbe ? Barbouille
26%
Avec quel ex-membre de Genesis Kate Bush a-t-elle chanté "Don't Give Up" ? Peter Gabriel
24%
Sous quel nom connaît-on mieux l'héroïne de BD Annaïck Labornez ? Bécassine
20%
Qui fait "l'amour comme une panthère" dans "La Salsa du démon" ? Vampirella
14%
De 1991 à 1993, qui animait l'émission "Double jeu" ? Thierry Ardisson
10%
Aucun quiz correspondant
Distribution des résultats
% des personnes avec chaque résultat
Percentile par nombre de réponses
Votre historique - résultats
Vous n’avez pas pris ce quiz